Do you know the best teams in CS:GO - Statistics

General Stats
  • This quiz has been taken 211 times
    199 since last reset
  • The average score is 11 of 20
Answer Stats
Place in the ranking Team % Correct
#2 Astralis
92%
#6 FaZe
89%
#4 Vitality
80%
#10 Natus Vincere
78%
#8 fnatic
77%
#14 G2
77%
#1 Liquid
76%
#12 NiP
73%
#3 ENCE
67%
#11 MIBR
58%
#5 FURIA
54%
#7 NRG
46%
#13 Renegades
46%
#15 mousesports
45%
#16 AVANGAR
42%
#9 North
42%
#17 CR4ZY
21%
#18 Grayhound
13%
#19 Windigo
13%
#20 Ghost
5%
No matching quizzes found
Score Distribution
Percent of People with Each Score
Percentile by Number Answered
Your Score History
You have not taken this quiz since the last reset